| 000 | 00904nam a2200289Ia 4500 | ||
|---|---|---|---|
| 008 | 160803s9999 xx 000 0 und d | ||
| 020 | _a9780531212783 | ||
| 100 | _aKimberley Heuston | ||
| 245 | _aOtto von Bismarck : | ||
| 245 | _bIron Chancellor of Germany / | ||
| 245 | _cKimberley Heuston. | ||
| 260 | _aNew York : | ||
| 260 | _bScholastic Inc. | ||
| 260 | _c2010 | ||
| 300 | _a128 pages : | ||
| 300 | _billustrations, map, portraits ; | ||
| 300 | _c19 cm. | ||
| 650 | _aBismarck, Otto, -- Fürst von, -- 1815-1898 -- | ||
| 650 | _aGermany -- Politics and government -- 1871-1888 -- | ||
| 650 | _aPrussia (Germany) -- Politics and government -- 1815-1870 -- | ||
| 650 | _aStatesmen -- Germany -- Biography -- | ||
| 650 | _xJuvenile literature. | ||
| 650 | _xJuvenile literature. | ||
| 650 | _xJuvenile literature. | ||
| 650 | _xJuvenile literature. | ||
| 700 | _a980 | ||
| 999 |
_c299798 _d299798 |
||